Statistics for Countries in "Nations of the World" song

Click here to take the quiz!

General Stats

  • This quiz has been taken 23 times
  • The average score is 90 of 129

Answer Stats

Answer% Correct
Canada
100%
Mexico
100%
United States
100%
Brazil
89%
Chile
89%
Colombia
89%
Cuba
89%
El Salvador
89%
Guatemala
89%
Haiti
89%
Jamaica
89%
Panama
89%
Peru
89%
Venezuela
89%
Argentina
84%
Bahamas
84%
Belize
84%
China
84%
Costa Rica
84%
Dominican Republic
84%
Ecuador
84%
Germany
84%
Greece
84%
Guyana
84%
Honduras
84%
Israel
84%
Italy
84%
Nicaragua
84%
Oman
84%
Poland
84%
Syria
84%
Turkey
84%
Afghanistan
79%
Albania
79%
Austria
79%
Barbados
79%
Bolivia
79%
Bulgaria
79%
Denmark
79%
Finland
79%
France
79%
Iceland
79%
India
79%
Iran
79%
Japan
79%
Jordan
79%
Kuwait
79%
Lebanon
79%
Netherlands
79%
Norway
79%
Pakistan
79%
Paraguay
79%
Portugal
79%
Romania
79%
Russia
79%
Spain
79%
Sweden
79%
Switzerland
79%
Thailand
79%
Uruguay
79%
Yemen
79%
Bahrain
74%
Bangladesh
74%
Belgium
74%
Cyprus
74%
Hungary
74%
Indonesia
74%
Iraq
74%
Ireland
74%
Luxembourg
74%
Malaysia
74%
Nepal
74%
Philippines
74%
Saudi Arabia
74%
Suriname
74%
Bhutan
68%
Laos
68%
Mongolia
68%
Chad
63%
Egypt
63%
Libya
63%
Morocco
63%
Niger
63%
Nigeria
63%
Taiwan
63%
Vietnam
63%
Algeria
58%
Australia
58%
Botswana
58%
Ghana
58%
Guinea
58%
Lesotho
58%
Mozambique
58%
Namibia
58%
New Zealand
58%
Sierra Leone
58%
Sudan
58%
Tunisia
58%
Zambia
58%
Zimbabwe
58%
Angola
53%
Benin
53%
Ethiopia
53%
Fiji
53%
Kenya
53%
Liberia
53%
Liechtenstein
53%
Madagascar
53%
Mali
53%
Qatar
53%
Senegal
53%
Somalia
53%
Sri Lanka
53%
Tanzania
53%
Togo
53%
Cameroon
47%
Djibouti
47%
Gambia
47%
Malawi
47%
Mauritania
47%
Monaco
47%
Burundi
42%
Congo
42%
Eswatini
42%
Gabon
42%
Malta
42%
Uganda
42%
Guinea-Bissau
37%
Rwanda
37%

Score Distribution

Percentile by Number Answered

Percent of People with Each Score

Your Score History

You have not taken this quiz